LEADER 01062nam 2200313Ia 450 001 996393308003316 005 20221108052906.0 035 $a(CKB)1000000000683964 035 $a(EEBO)2240910909 035 $a(OCoLC)14921867 035 $a(EXLCZ)991000000000683964 100 $a19861204d1661 uy | 101 0 $aeng 135 $aurbn||||a|bb| 200 12$aA funeral elegy on Her Illustrious Highnesse the Princess Royal of Orange$b[electronic resource] $ewho departed this life the 3d. of January, new stile, 1661 210 $a[London? $cs.n.$d1661] 215 $a1 broadside 300 $aIn verse. 300 $aSigned at end: Will. Lower. 300 $aImprint suggested by Wing. 300 $aReproduction of original in the Harvard University Library. 330 $aeebo-0062 700 $aLower$b William$cSir,$f1600?-1662.$01002904 801 1$bEAF 801 2$bWaOLN 906 $aBOOK 912 $a996393308003316 996 $aA funeral elegy on Her Illustrious Highnesse the Princess Royal of Orange$92417877 997 $aUNISA LEADER 01172nam0 22002653i 450 001 VAN00279157 005 20240806101553.63 100 $a20240704d1966 |0itac50 ba 101 $aita 102 $aIT 105 $a|||| ||||| 200 1 $aProblemi di pedagogia$etrattazione teoretica e svolgimento storico in relazione ai programmi per i Concorsi Magistrali$fPiero Viotto 205 $a3. ed. riveduta 210 $aTorino$cMarietti$d1966 215 $a565 p.$d17 cm 410 1$1001VAN00279158$12001 $aCollana didattica per la preparazione ai Concorsi Magistrali e per l'orientamento professionale dell'Insegnante$fdiretta da Piero Viotto$1210 $aTorino$cMarietti 620 $dTorino$3VANL000001 700 1$aViotto$bPiero$3VANV010744$0160067 712 $aMarietti $3VANV109249$4650 801 $aIT$bSOL$c20240906$gRICA 899 $aBIBLIOTECA DEL DIPARTIMENTO DI PSICOLOGIA$1IT-CE0119$2VAN16 912 $aVAN00279157 950 $aBIBLIOTECA DEL DIPARTIMENTO DI PSICOLOGIA$d16CONS 4898 $e16OM 742 20240704 $sRovinato 996 $aProblemi di pedagogia$91045989 997 $aUNICAMPANIA